[Event "Western States op"]
[Site "Reno"]
[Date "2002.10.19"]
[Round "3"]
[White "Baker, Jon Charles"]
[Black "Pupols, Viktors"]
[Result "0-1"]
[WhiteElo "1886"]
[BlackElo "2235"]
[PlyCount "82"]
[EventDate "2002.10.18"]
[EventType "swiss"]
[EventRounds "6"]
[EventCountry "USA"]
[SourceTitle "EXT 2009"]
[Source "ChessBase"]
[SourceDate "2008.11.26"]
[SourceVersion "1"]
[SourceVersionDate "2008.11.26"]
[SourceQuality "1"]

1. d4 Nf6 2. c4 d6 3. Nf3 g6 4. Nc3 Bg7 5. e4 0-0 6. Be2 e5 7. d5 a5 8. 0-0 Na6 9. Bg5 Qd7 10. a3 Nc5 11. Nd2 a4 12. Qc2 h6 13. Bh4 g5 14. Bg3 Qe8 15. b4 axb3 16. Nxb3 Nfxe4 17. Nxe4 Nxe4 18. Qxe4 f5 19. Qc2 f4 20. Ra2 Bf5 21. Qd1 b6 22. Bh5 Qd7 23. f3 fxg3 24. hxg3 Ra4 25. Nd2 Rfa8 26. Qb3 Qc8 27. g4 Bd7 28. Re1 Qa6 29. Re3 b5 30. cxb5 Bxb5 31. Bg6 e4 32. Rxe4 Rxe4 33. Bxe4 Qa7+ 34. Kh1 Qf2 35. g3 Bd4 36. Qb1 Qxg3 37. Nb3 Be5 38. Rg2 Qh4+ 39. Kg1 Rxa3 40. Bh7+ Kh8 41. Rd2 Rxb3 0-1